N° 1 du Top 50 en 1988 - Statistiques

Statistiques générales
  • Ce quiz a été pris 55 fois
  • Le résultat moyen est 7 sur 9
Statistiques - réponses
Hint Extra Hint Réponse % Correct
Pourvu qu'elles soient douces Semaines 49, 50, 51, 52, 53 Mylène Farmer
94%
Nuit de Folie Semaines 29, 30, 31, 32, 33, 34, 35, 36, 37 Début de Soirée
92%
Boys (Summertime love) Semaines 6, 7, 8, 9, 10 Sabrina
87%
N'importe quoi Semaines 19, 20, 21, 22, 23,24, 25, 26 Florent Pagny
85%
Un Roman d'amitié Semaines 38, 39, 40, 41, 42, 43 Glenn Medeiros et Elsa
77%
Amor de mis amores Semaines 44, 45, 46, 47, 48 Paco
75%
Etienne Semaines 1, 2, 3, 4, 5 Guesch Patti
71%
J'ai faim de toi Semaines 27, 28 Sandy (Stevens)
71%
Nothing's gonna change my love for you Semaines 11, 12, 13, 14, 15, 16, 17, 18 Glenn Medeiros
54%
Aucun quiz correspondant
Distribution des résultats
% des personnes avec chaque résultat
Percentile par nombre de réponses
Votre historique - résultats
Vous n’avez pas pris ce quiz